000 00683nam a2200229 i 4500
001 16122
003 ES-MaACL
005 20231114062527.0
007 t|
008 000627s2000 sp ||||1| spa d
020 _a84-322-1056-0
080 _a821.134.2-31"19"
100 1 _aGoytisolo, Juan.
_959422
245 1 0 _aCarajicomedia de Fray Bugeo Montesino y otros pájaros de vario plumaje y pluma /
_cJuan Goytisolo.
250 _a1ª ed.
260 _aBarcelona :
_bSeix Barral,
_c2000.
300 _a249 p. ;
_c23 cm.
490 1 _aBiblioteca breve
830 0 _aBiblioteca breve (Seix Barral)
_9227188
852 _aES-MaACL
_jL-23295
_bR.128415
999 _c16122
_d16122